Yini Umdeni/ (Record no. 736535)

MARC details
000 -LEADER
fixed length control field 00386nam a22001577a 4500
005 - DATE AND TIME OF LATEST TRANSACTION
control field 20221102114618.0
008 - FIXED-LENGTH DATA ELEMENTS--GENERAL INFORMATION
fixed length control field 221102b sa ||||| |||| 00| 0 eng d
020 ## - INTERNATIONAL STANDARD BOOK NUMBER
International Standard Book Number <a href="9781430533788">9781430533788</a>
040 ## - CATALOGING SOURCE
Transcribing agency rda
082 ## - DEWEY DECIMAL CLASSIFICATION NUMBER
Classification number SWA JF YINI
942 ## - ADDED ENTRY ELEMENTS
Creator ID 169
Creator Name Boniswa Ngcongolo
Modifier ID 169
Modifier Name Boniswa Ngcongolo
245 ## - TITLE STATEMENT
Title Yini Umdeni/
260 ## - PUBLICATION, DISTRIBUTION, ETC.
Name of publisher, distributor, etc. Lectio Publishers,
300 ## - PHYSICAL DESCRIPTION
Extent 9 pages:
Other physical details Illustrations;
Dimensions 20cm.
490 ## - SERIES STATEMENT
International Standard Serial Number 97811430526827
942 ## - ADDED ENTRY ELEMENTS
Source of classification or shelving scheme Dewey Decimal Classification
item type Book
Holdings
Withdrawn status Lost status Source of classification or shelving scheme Damaged status Not for loan Collection code Home library Current library Shelving location Date acquired Full call number Barcode Date last seen Price effective from item type Cost, normal purchase price Total Checkouts
    Dewey Decimal Classification     Fiction ERMELO REGIONAL LIBRARY Carolina Public Library(main) Children's Area 02.11.2022 SWA KF YINI 33228031001059 02.11.2022 02.11.2022 Book    
    Dewey Decimal Classification     Fiction Standerton Regional Library Lebohang General Stacks 21.12.2023 SWA J F YINI 33228031007510 21.12.2023 21.12.2023 Book 235.00